[Event "Cologne Longerich op 7th"]
[Site "Cologne"]
[Date "2010.08.01"]
[Round "4"]
[White "Speck, Stefan"]
[Black "Romanov, Alexey"]
[Result "1-0"]
[WhiteElo "1895"]
[BlackElo "1673"]
[PlyCount "123"]
[EventDate "2010.07.30"]
[EventType "swiss"]
[EventRounds "5"]
[EventCountry "GER"]
[SourceTitle "EXT 2011"]
[Source "ChessBase"]
[SourceDate "2010.11.26"]
[SourceVersion "1"]
[SourceVersionDate "2010.11.26"]
[SourceQuality "1"]

1. d4 d5 2. Nf3 Nf6 3. Bg5 Ne4 4. Bf4 c5 5. dxc5 e6 6. Nbd2 Nxc5 7. c3 Bd6 8. g3 Nc6 9. Bxd6 Qxd6 10. Bg2 0-0 11. 0-0 e5 12. Qc2 e4 13. Nd4 Qh6 14. b4 Ne6 15. Nf5 Qh5 16. Ne3 Nc7 17. f3 f5 18. fxe4 dxe4 19. Rf2 Qg5 20. Ndf1 Be6 21. Rd1 Rad8 22. a3 h5 23. c4 Ne7 24. h4 Qh6 25. Bh3 Rxd1 26. Qxd1 f4 27. Bxe6+ Nxe6 28. Nd5 Ng6 29. Qc2 e3 30. Rg2 Nd4 31. Qxg6 Qxg6 32. Ne7+ Kf7 33. Nxg6 f3 34. Ne5+ Ke6 35. Nxf3 Nc2 36. g4 hxg4 37. Rxg4 Rf7 38. Ng5+ Kf5 39. Rg3 Rc7 40. Nxe3+ Nxe3 41. Rxe3 Rxc4 42. Nf3 Rc7 43. Kf2 Kf6 44. Rd3 a5 45. bxa5 Ke7 46. e4 Rc5 47. Ke3 Rxa5 48. Kf4 Ra4 49. Rb3 b6 50. Rxb6 Rxa3 51. Rb7+ Kf8 52. Ng5 Ra6 53. e5 Ra4+ 54. Kf5 Rxh4 55. Ne6+ Kg8 56. Rxg7+ Kh8 57. Rg4 Rh7 58. Ng5 Ra7 59. Ne4 Ra6 60. Nf6 Ra8 61. Rh4+ Kg7 62. Rh7+ 1-0